Flags in the Style of California - Statistics

General Stats
  • This quiz has been taken 95 times
    83 since last reset
  • The average score is 23 of 100
Answer Stats
Picture Answer % Correct
Brazil
100%
California
92%
Japan
90%
Romania
90%
France
88%
North Korea
88%
South Korea
88%
Uruguay
71%
Botswana
69%
Alaska
67%
Arizona
65%
Connecticut
65%
Kenya
65%
Namibia
65%
Turkey
65%
United Kingdom
63%
Iceland
61%
Burkina Faso
55%
Poland
53%
Scotland
53%
Serbia
53%
Wales
51%
Wisconsin
51%
Oman
43%
Thailand
41%
England
37%
Iraq
35%
Eswatini
33%
Argentina
31%
Ethiopia
31%
Ivory Coast
31%
United States
31%
Bangladesh
29%
Netherlands
27%
Pennsylvania
27%
Delaware
24%
Florida
24%
Mexico
24%
New Jersey
24%
South Carolina
22%
Rome
20%
Greece
18%
Italy
18%
Morocco
16%
France
14%
Sweden
14%
Kosovo
10%
Philippines
10%
Russia
10%
Canada
8%
Australia
6%
China
6%
Germany
6%
Austria
4%
Finland
4%
Hungary
4%
New Zealand
4%
Norway
4%
South Africa
4%
Spain
4%
Ukraine
4%
Perm
2%
Switzerland
2%
Algeria
0%
Armenia
0%
Baja California
0%
Belarus
0%
Berlin
0%
Bulgaria
0%
Cameroon
0%
Chile
0%
Colombia
0%
Costa Rica
0%
Croatia
0%
Denmark
0%
Ecuador
0%
Egypt
0%
Estonia
0%
Georgia
0%
Ghana
0%
Hong Kong
0%
India
0%
Indonesia
0%
Iran
0%
Ireland
0%
Israel
0%
Lithuania
0%
Luxembourg
0%
Malaysia
0%
Mongolia
0%
Nigeria
0%
Pakistan
0%
Portugal
0%
Qatar
0%
Singapore
0%
Slovakia
0%
Slovenia
0%
Uganda
0%
Venezuela
0%
Yaroslavl
0%
No matching quizzes found
Score Distribution
Percent of People with Each Score
Percentile by Number Answered
Your Score History
You have not taken this quiz since the last reset